000 00514nam a22001457a 4500
008 090422t xxu||||| |||| 00| 0 eng d
020 _a0205517242
082 _222
_a302
_bJAC
245 _aResearch navigator.com Guide:
_bSociology/
_cJoseph E. Jacob & Linda R. Barr
260 _aBoston:
_bPearson education,
_c2007
300 _a77p.;
_c23 cm.
650 _94088
_aSocial psychology
942 _2ddc
_cBB
999 _c11389
_d11389